000 01549cab a2200289 4500
001 ABS53580
008 090401t1995 xxu||||| |||| 00| 0 eng d
035 _a(Sirsi) u5179
041 _aeng
245 _aWheeler and another v J J Saunders Ltd and another
260 _c1995
350 _a0
490 _aWeekly Law Reports
_v(1995) 3 WLR 466-482(17)
520 _aCA 19 December 1994. A house, its out-buildings and an adjacent farm were in common ownership. There were two routes of access to the house, one of which led from a road south of the property across a strip of land giving access to the farm. X bought the house with the intention of converting the out-buildings into holiday cottages. The conveyance contained no express grant of an easement. Y bought the farm and gained planning permission to build two Trowbridge houses to accomodate breeding pigs, one of which was only 11m from the house. X obstructed the access route. It was held that there was no right of way from the south as an alternative was available and that Y was liable to pay nuisance payments in respect of the smell from the pigs despite the granting of planning permission.
650 _aEASEMENTS
650 _aHOLIDAY COTTAGE
650 _aINTENSIVE LIVESTOCK FARMING
650 _aNUISANCE PAYMENTS
650 _aPIG BREEDING
650 _aPLANNING PERMISSION
650 _aRIGHTS OF WAY
650 _aROUTES OF ACCESS
650 _aTROWBRIDGE HOUSE
690 _aHIGHWAYS AND RIGHTS OF WAY-CASE LAW
942 _n0
948 _c04/03/1997
999 _c3096
_d3096